Industrial and Distribution Occupier. (Record no. 60610)

MARC details
000 -LEADER
fixed length control field 00782cam a2200169 4500
001 - CONTROL NUMBER
control field ABS60932
008 - FIXED-LENGTH DATA ELEMENTS--GENERAL INFORMATION
fixed length control field 000000n1999 000 0 eng u
035 ## - SYSTEM CONTROL NUMBER
System control number (Sirsi) u101477
245 ## - TITLE STATEMENT
Title Industrial and Distribution Occupier.
260 ## - PUBLICATION, DISTRIBUTION, ETC.
Date of publication, distribution, etc. 1999
490 ## - SERIES STATEMENT
Series statement Estates Gazette
Volume/sequential designation 'Supplement' 10 July 1999 (142) (LOAN)
520 ## - SUMMARY, ETC.
Summary, etc. Discusses various issues in relation to the industrial and distribution market, including the increasing pressure to use rail transport, the impact of the next rating revaluation and location costs in the south east. Case studies of Eland Electrical and Sugarfayre. Directory of UK distribution parks.
650 ## - SUBJECT ADDED ENTRY--TOPICAL TERM
Topical term or geographic name entry element INDUSTRIAL PROPERTY
650 ## - SUBJECT ADDED ENTRY--TOPICAL TERM
Topical term or geographic name entry element DISTRIBUTION
690 ## - LOCAL SUBJECT ADDED ENTRY--TOPICAL TERM (OCLC, RLIN)
Topical term or geographic name as entry element PROPERTY-COMMERCIAL PROPERTY-COMMERCIAL PROPERTY MARKET
942 ## - ADDED ENTRY ELEMENTS (KOHA)
Suppress in OPAC 0
Holdings
Withdrawn status Lost status Source of classification or shelving scheme Damaged status Not for loan Home library Current library Shelving location Date acquired Total Checkouts Full call number Barcode Date last seen Copy number Price effective from Koha item type
    Dewey Decimal Classification     London London Journal article 05/11/1999   ABS60932 101477-1001 06/08/2019 1 06/08/2019 Journal article